LEADER 01825nam a2200277 4500 001 000000335384 003 CaOOAMICUS 005 20190724094700.0 008 190724s1788 it 000 u ita r 026 $atota onto o-in (2na (3) 1788 (R) 040 $aSeMil$bita 041 1 $aita$alat 100 11$aCuccagni, Luigi,$d<1740-1798>.$0(OLS)http://semarc/name/109973 245 00$aDell'autorità e giurisdizione della Chiesa e del romano pontefice sull'erezione, e distribuzione dei vescovadi e delle parrocchie, sull'elezione e consacrazione dei vescovi; e sulla disciplina della Chiesa. Opera divisa in otto lettere dell'abate Luigi Cuccagni rettore del collegio ebernese di Roma. Dedicata all'emo., e rmo principe il sig. cardinale Gregorio duca d. Anton Maria Salviati. 264 1$aIn Roma :$bPer Filippo Neri, e Luigi Vescovi,$c1788. 300 $aXX, 184 p. ;$c8° 500 $aCors. ; rom. 500 $aVignetta xilogr. (immagine sacra) sul front. 500 $aSegn.: *¹? A-L? M? (c. *5 erron. segnata *3) 700 1 $aNeri, Filippo & Vescovi, Luigi,$c.$0(OLS)http://semarc/name/109974 752 $aIT$dRoma 850 $aSeMil 852 $aSeMil$W1$xVenegono$y1$m3X II 110/1 FA$j214764$B227323$CSeMilBibl$Z2$F227323 $8I 996 $6245$aDell'autorità e giurisdizione della Chiesa e del romano pontefice sull'erezione, e distribuzione dei vescovadi e delle parrocchie, sull'elezione e consacrazione dei vescovi; e sulla disciplina della Chiesa. Opera divisa in otto lettere dell'abate Luigi Cuccagni rettore del collegio ebernese di Roma. Dedicata all'emo., e rmo principe il sig. cardinale Gregorio duca d. Anton Maria Salviati$9(OLS)http://semarc/title/424828 996 $6264$aIn Roma :$bPer Filippo Neri, e Luigi Vescovi$9(OLS)http://semarc/publisher/38206 LEADER 01030nam a2200229 i 4500 001 000000337859 003 CaOOAMICUS 005 20191113155525.0 008 191107s1940 it u000 u ita u 013 $a198471 040 $aSeMil$bita 245 10$a13: L'innocente :$bi romanzi della rosa /$cGabriele D'Annunzio. 260 $a[Gardone Riviera] :$bIl vittoriale degli italiani,$c1940. 300 $a397 p. ;$c21 cm. 700 1 $aD'Annunzio, Gabriele,$d<1863-1938>.$0(OLS)http://semarc/name/1300 773 0 $aD'Annunzio, Gabriele <1863-1938>$tOpere di Gabriele D'Annunzio.$d[Gardone Riviera] : Il vittoriale degli italiani, 1939-$w()28298 850 $aSeMil 852 $aSeMil$W1$xVenegono$y1$m1A VI 173$j218217$B230202$CSeMilBibl$Z2$F230202 $81 961 $aDono del dr. Guido Sagramoso 996 $6245$a13: L'innocente :$bi romanzi della rosa$9(OLS)http://semarc/title/426790 996 $6260$a[Gardone Riviera] :$bIl vittoriale degli italiani$9(OLS)http://semarc/publisher/58665